Les meilleurs joueurs de football de tous les temps - Statistiques

Statistiques générales
  • Ce quiz a été pris 509 fois
  • Le résultat moyen est 21 sur 50
Statistiques - réponses
Rang Poste Nationalité Joueur % Correct
3 Attaquant Argentine Lionel Messi
99%
15 Attaquant Portugal Cristiano Ronaldo
97%
7 Attaquant Brésil Ronaldo
96%
1 Attaquant Argentine Diego Maradona
94%
2 Attaquant Brésil Pelé
93%
6 Milieu de terrain France Zinédine Zidane
88%
5 Attaquant Pays-Bas Johan Cruyff
72%
30 Attaquant Brésil Ronaldinho
71%
32 Attaquant France Thierry Henry
68%
8 Attaquant France Michel Platini
67%
13 Défenseur Italie Paolo Maldini
66%
4 Défenseur Allemagne Franz Beckenbauer
65%
12 Attaquant Allemagne Gerd Müller
62%
41 Milieu de terrain Espagne Andrés Iniesta
59%
34 Attaquant Côte d'Ivoire Didier Drogba
55%
14 Attaquant Hongrie Ferenc Puskas
55%
38 Gardien de but Italie Gianluigi Buffon
51%
27 Attaquant Suède Zlatan Ibrahimovic
51%
26 Attaquant Cameroun Samuel Eto'o
50%
19 Attaquant Pays-Bas Marco Van Basten
46%
20 Attaquant Portugal Eusébio
45%
18 Attaquant Irlande du Nord George Best
45%
43 Attaquant Libéria George Weah
44%
25 Milieu de terrain Pays-Bas Ruud Gullit
43%
35 Défenseur Espagne Sergio Ramos
43%
10 Attaquant Espagne Alfredo di Stéfano
40%
42 Gardien de but Union soviétique Lev Yashin
39%
39 Défenseur Brésil Roberto Carlos
39%
50 Milieu de terrain Brésil Kaká
38%
9 Attaquant Italie Roberto Baggio
37%
11 Attaquant Brésil Mané Garrincha
34%
22 Attaquant France Raymond Kopa
34%
17 Milieu de terrain Brésil Zico
28%
24 Milieu de terrain Angleterre Bobby Charlton
26%
29 Milieu de terrain Allemagne Lothar Matthäus
26%
21 Attaquant Brésil Romario
26%
16 Défenseur Italie Franco Baresi
25%
28 Milieu de terrain Brésil Sócrates
22%
48 Attaquant Mexique Hugo Sanchez
17%
45 Attaquant Italie Paolo Rossi
15%
47 Attaquant Brésil Jairzinho
14%
33 Milieu de terrain Espagne Xabi Alonso
12%
37 Attaquant Pays-Bas Dennis Bergkamp
10%
23 Attaquant Italie Giuseppe Meazza
8%
40 Attaquant Bulgarie Hristo Stoitchkov
7%
36 Attaquant Argentine Mario Kempes
7%
31 Milieu de terrain Pays-Bas Johan Neeskens
4%
46 Attaquant Argentine Omar Sivori
1%
44 Milieu de terrain Allemagne Paul Breitner
1%
49 Attaquant Pays de Galles John Charles
0%
Aucun quiz correspondant
Distribution des résultats
% des personnes avec chaque résultat
Percentile par nombre de réponses
Votre historique - résultats
Vous n’avez pas pris ce quiz